000 00547nam a22001817a 4500
008 170606b xxu||||| |||| 00| 0 eng d
020 _a0721628958
050 _aR728.8
_b.B66 1990
100 _aBonewit-West, Kathy
245 _aClinical procedures for medical assistants /
_cKathy Bonewit
250 _a3rd ed
260 _aPhiladelphia :
_bSaunders,
_c1990
300 _axv, 606 p. :
_bill. ;
_c29 cm
500 _aIncludes bibliographical reference
650 _aClinical medicine
650 _aMedical assistants
942 _2lcc
_cBK
999 _c50605
_d50605